| 000 | 00765cam a2200241 4500 | ||
|---|---|---|---|
| 008 | 020731n2002 000 0 eng u | ||
| 020 | _a0860175642 | ||
| 035 | _a(Sirsi) u119110 | ||
| 050 | _a693.9 | ||
| 100 | _aCripps, A. | ||
| 245 | _aFibre-reinforced polymer composites in construction | ||
| 260 |
_aLondon _bCIRIA _c2002 |
||
| 300 |
_a168p. _bill _c30cm. |
||
| 350 | _a130 | ||
| 490 |
_aCIRIA Publication _vC564 |
||
| 520 | _aReport seeking to address why fibre-reinforced polymer (FRP) composites are not used more widely in construction. | ||
| 650 | _aBUILT ENVIRONMENT-BUILDING MATERIALS | ||
| 650 | _aFIBRE REINFORCED POLYMERS | ||
| 690 | _aBUILT ENVIRONMENT-BUILDING MATERIALS | ||
| 700 | _aHarris, B. | ||
| 700 | _aIbell, T. | ||
| 942 | _n0 | ||
| 999 |
_c102254 _d102254 |
||